| 000 | 00610nam a2200193 u 4500 | ||
|---|---|---|---|
| 005 | 20230608063643.0 | ||
| 008 | 080227s2005 r 000 0 eng d | ||
| 020 | _a9806915534 | ||
| 035 | _aUPN01000154556 | ||
| 049 | _aI | ||
| 050 | 4 |
_aLB1584 _bV3.8 |
|
| 100 | 1 |
_aVargas Ponce, José _934146 |
|
| 245 | 1 | 0 |
_aUna vida digna / _cJosé Vargas Ponce ; il. de Franklin Alviarez. |
| 260 |
_a[Bogotá] : _bEl Nacional, _c2005. |
||
| 300 |
_a31 p. : _bil. col. |
||
| 440 | 0 |
_aBrújula de papel. _pCiencias sociales ; _v24 |
|
| 650 | 4 |
_aCiencias sociales _xEstudio y enseñanza (Elemental) _92813 |
|
| 905 | _aInfantil | ||
| 999 |
_c126673 _d126673 |
||